| 000 | 00600nam a22001937a 4500 | ||
|---|---|---|---|
| 003 | OSt | ||
| 005 | 20260219070507.0 | ||
| 008 | 260219b |||||||| |||| 00| 0 eng d | ||
| 040 |
_aDWCL-Main Lib _cOC |
||
| 082 | _aGR. 615 F383 2004 | ||
| 100 | _aFerrel, Vance / Archbold, Edgar E. / Cherne, Harold | ||
| 245 | _aNatural remedies encyclopedia | ||
| 260 |
_aAltmont, TN : _bHarvestine Books, _cc2004. |
||
| 300 |
_a840 p. : _bill. (col.) ; _c28 cm. |
||
| 504 | _a1. Includes index. | ||
| 650 | _aAlternative medicine. | ||
| 650 | _aHerbs - Therapeutic use. | ||
| 942 |
_2ddc _cBK-GR _e4th ed. _mGR. _n0 |
||
| 999 |
_c8452 _d8452 |
||